[Event "Quebec op U1700"]
[Site "Montreal CAN"]
[Date "2012.07.21"]
[Round "1"]
[White "Morel, Joseph"]
[Black "Samikov, Chingis"]
[Result "1-0"]
[WhiteElo "1688"]
[BlackElo "1427"]
[PlyCount "107"]
[GameId "2160767909442262"]
[EventDate "2012.07.21"]
[EventType "swiss"]
[EventRounds "9"]
[EventCountry "CAN"]
[SourceTitle "EXT 2022"]
[Source "ChessBase"]
[SourceDate "2021.10.06"]
[SourceVersion "1"]
[SourceVersionDate "2021.10.06"]
[SourceQuality "1"]

1. e4 e6 2. d4 d5 3. e5 c5 4. c3 Nc6 5. Nf3 Qb6 6. a3 c4 7. Be2 Na5 8. Nbd2 Bd7 9. O-O Ne7 10. Rb1 Nc8 11. b4 cxb3 12. c4 dxc4 13. Nxc4 Nxc4 14. Bxc4 Be7 15. Bxb3 Qc7 16. d5 exd5 17. Qxd5 O-O 18. Nd4 Nb6 19. Qe4 Bc6 20. Nxc6 Qxc6 21. Qe2 Rac8 22. Bb2 Rfd8 23. Rbc1 Qe8 24. Rxc8 Rxc8 25. f4 a6 26. f5 Qb5 27. Qf3 Rd8 28. Bc1 Rd3 29. Bxf7+ Kxf7 30. Qxb7 Qxe5 31. Qxa6 Qd4+ 32. Kh1 Rd1 33. Qe2 Rxf1+ 34. Qxf1 Bc5 35. Qe1 Kf8 36. h3 Nd5 37. a4 Nc3 38. Bb2 Qd1 39. Bxc3 Qxe1+ 40. Bxe1 Ke7 41. g4 Bd4 42. Kg2 Kd6 43. Kf3 Kd5 44. a5 g6 45. fxg6 hxg6 46. Bf2 Bf6 47. a6 Kc6 48. a7 Kb7 49. h4 Bc3 50. Ke4 Bd2 51. Kd5 Ba5 52. Ke6 Bd8 53. g5 Ba5 54. Kf6 1-0

[Event "Quebec op U1700"]
[Site "Montreal CAN"]
[Date "2012.07.22"]
[Round "2"]
[White "Achkar, Olivier"]
[Black "Reynaud, Frederic"]
[Result "0-1"]
[WhiteElo "1217"]
[BlackElo "1410"]
[PlyCount "108"]
[GameId "2160767909442263"]
[EventDate "2012.07.21"]
[EventType "swiss"]
[EventRounds "9"]
[EventCountry "CAN"]
[SourceTitle "EXT 2022"]
[Source "ChessBase"]
[SourceDate "2021.10.06"]
[SourceVersion "1"]
[SourceVersionDate "2021.10.06"]
[SourceQuality "1"]

1. d4 d5 2. c4 c6 3. e3 Bf5 4. Qb3 Qc7 5. Nc3 e6 6. cxd5 cxd5 7. a3 a6 8. Bd2 Nc6 9. Rc1 Nf6 10. Na2 Ne4 11. Bb4 Bxb4+ 12. Nxb4 O-O 13. Ne2 Qb6 14. Qa4 Nxb4 15. axb4 Rac8 16. f3 Rxc1+ 17. Nxc1 Qc7 18. Na2 Nd6 19. Nc3 Nc4 20. Bxc4 Qxc4 21. Kf2 Ra8 22. g4 Bg6 23. Ra1 e5 24. Rd1 e4 25. f4 f6 26. Qd7 Qxb4 27. Qxd5+ Bf7 28. Qc5 Qxb2+ 29. Kg3 Re8 30. Rb1 Qd2 31. d5 Bxd5 32. Qxd5+ Qxd5 33. Nxd5 Rb8 34. Nb4 Ra8 35. Nd5 b5 36. Nc3 Rb8 37. Nxe4 b4 38. Nc5 a5 39. h4 Rb5 40. Na4 b3 41. Nc3 Rb4 42. e4 a4 43. e5 a3 44. Ra1 Rc4 45. Nd1 b2 46. Nxb2 axb2 47. Rb1 Rb4 48. Kf3 fxe5 49. fxe5 Kf7 50. Ke2 Ke6 51. Kd2 Kxe5 52. Kc3 Rb7 53. Kc2 Kf4 54. g5 Kg4 0-1

[Event "Quebec op U1700"]
[Site "Montreal CAN"]
[Date "2012.07.22"]
[Round "2"]
[White "Blais, Georges"]
[Black "Fiouzi, Chahin"]
[Result "1/2-1/2"]
[WhiteElo "1545"]
[BlackElo "1523"]
[PlyCount "73"]
[GameId "2160767909442264"]
[EventDate "2012.07.21"]
[EventType "swiss"]
[EventRounds "9"]
[EventCountry "CAN"]
[SourceTitle "EXT 2022"]
[Source "ChessBase"]
[SourceDate "2021.10.06"]
[SourceVersion "1"]
[SourceVersionDate "2021.10.06"]
[SourceQuality "1"]

1. Nf3 c5 2. b3 d6 3. Bb2 Nc6 4. g3 e5 5. d3 Bg4 6. Bg2 Be7 7. Nbd2 Bf6 8. Ne4 Qd7 9. Nxf6+ Nxf6 10. h3 Bxf3 11. Bxf3 Nd4 12. Bg2 O-O 13. e3 Nc6 14. O-O h6 15. Kh2 Nh7 16. f4 f6 17. c4 Rf7 18. Bd5 Raf8 19. Bxf7+ Rxf7 20. f5 a6 21. a3 b5 22. h4 Qb7 23. Rf2 Rd7 24. e4 bxc4 25. bxc4 Rd8 26. Bc3 Nf8 27. Rb2 Qa8 28. Rab1 Nd7 29. Qa4 Nd4 30. Bxd4 exd4 31. Kg1 Ne5 32. Qb3 Qc6 33. Qd1 Qc7 34. Rb7 Qa5 35. R7b3 Qc7 36. Rb7 Qa5 37. R7b3 1/2-1/2

[Event "Quebec op U1700"]
[Site "Montreal CAN"]
[Date "2012.07.22"]
[Round "2"]
[White "Robillard, Jean-Philippe"]
[Black "Morel, Joseph"]
[Result "0-1"]
[WhiteElo "1496"]
[BlackElo "1688"]
[PlyCount "72"]
[GameId "2160767909442265"]
[EventDate "2012.07.21"]
[EventType "swiss"]
[EventRounds "9"]
[EventCountry "CAN"]
[SourceTitle "EXT 2022"]
[Source "ChessBase"]
[SourceDate "2021.10.06"]
[SourceVersion "1"]
[SourceVersionDate "2021.10.06"]
[SourceQuality "1"]

1. d4 Nf6 2. c4 e6 3. Nf3 d5 4. Bg5 c6 5. e3 Qa5+ 6. Nbd2 Ne4 7. Bf4 Nd7 8. Bd3 Ndf6 9. O-O Nxd2 10. Nxd2 Be7 11. a3 O-O 12. b4 Qd8 13. Qe2 h6 14. Rad1 dxc4 15. Nxc4 Nd5 16. Bg3 Nc3 17. Qh5 Nxd1 18. Rxd1 Bf6 19. h4 Qd5 20. Ne5 Bxe5 21. dxe5 f5 22. Bf4 Qd7 23. Kh2 Qf7 24. Qe2 Rd8 25. g4 a5 26. Rg1 fxg4 27. Rxg4 Kh8 28. Rg6 axb4 29. Bxh6 bxa3 30. Bg5 Rxd3 31. Qh5+ Kg8 32. Rxg7+ Kxg7 33. Bh6+ Kg8 34. Qg4+ Kh8 35. f3 Rd2+ 36. Kh3 Qf5 0-1

[Event "Quebec op U1700"]
[Site "Montreal CAN"]
[Date "2012.07.22"]
[Round "3"]
[White "Lambert, Pierre1"]
[Black "Saha, Ananda"]
[Result "0-1"]
[WhiteElo "1573"]
[BlackElo "1325"]
[PlyCount "90"]
[GameId "2160767909442267"]
[EventDate "2012.07.21"]
[EventType "swiss"]
[EventRounds "9"]
[EventCountry "CAN"]
[SourceTitle "EXT 2022"]
[Source "ChessBase"]
[SourceDate "2021.10.06"]
[SourceVersion "1"]
[SourceVersionDate "2021.10.06"]
[SourceQuality "1"]

1. e4 e5 2. Nf3 Nc6 3. d4 exd4 4. Nxd4 Bc5 5. Be3 Nxd4 6. Bxd4 Bxd4 7. Qxd4 Nf6 8. Nc3 O-O 9. O-O-O d6 10. f3 Qe7 11. Bc4 Be6 12. Rhe1 Bxc4 13. Qxc4 Rac8 14. Re2 Rfe8 15. Red2 Qe6 16. Qxe6 fxe6 17. Re2 Nd7 18. b4 a5 19. a3 axb4 20. axb4 Ra8 21. Kb2 Nb6 22. Ree1 Na4+ 23. Nxa4 Rxa4 24. c3 Rea8 25. Ra1 Rxa1 26. Rxa1 Rxa1 27. Kxa1 d5 28. Kb2 Kf7 29. Kc2 dxe4 30. fxe4 Kf6 31. Kd3 Ke5 32. Ke3 g5 33. g4 b5 34. Kf3 Kd6 35. Ke3 c5 36. bxc5+ Kxc5 37. Kd3 e5 38. h3 h6 39. Kd2 Kc4 40. Kc2 b4 41. cxb4 Kxb4 42. Kd2 Kc4 43. Ke3 Kc3 44. Ke2 Kd4 45. Kf3 Kd3 0-1

[Event "Quebec op U1700"]
[Site "Montreal CAN"]
[Date "2012.07.22"]
[Round "3"]
[White "Reynaud, Frederic"]
[Black "Lakes, Liang"]
[Result "1-0"]
[WhiteElo "1466"]
[BlackElo "1616"]
[PlyCount "95"]
[GameId "2160767909442268"]
[EventDate "2012.07.21"]
[EventType "swiss"]
[EventRounds "9"]
[EventCountry "CAN"]
[SourceTitle "EXT 2022"]
[Source "ChessBase"]
[SourceDate "2021.10.06"]
[SourceVersion "1"]
[SourceVersionDate "2021.10.06"]
[SourceQuality "1"]

1. e4 e5 2. Nf3 Nc6 3. Bb5 a6 4. Ba4 Nf6 5. O-O Be7 6. c3 Nxe4 7. Re1 Nc5 8. Bxc6 bxc6 9. Nxe5 O-O 10. d4 Nb7 11. Nd2 f6 12. Qb3+ d5 13. Nxc6 Qd7 14. Nxe7+ Kh8 15. Nxc8 Qxc8 16. Qxd5 Nd6 17. Nf3 Rb8 18. b3 Re8 19. Bf4 Qd7 20. c4 Red8 21. Bxd6 cxd6 22. Re3 Rbc8 23. Nh4 h6 24. Rae1 Re8 25. Ng6+ Kh7 26. Ne7 Rc7 27. Qe4+ f5 28. Qxf5+ Qxf5 29. Nxf5 Rxe3 30. Rxe3 Rd7 31. Re7 Rxe7 32. Nxe7 g5 33. c5 dxc5 34. dxc5 Kg7 35. c6 Kf7 36. c7 Kxe7 37. c8=Q Kf6 38. Qc6+ Kg7 39. Qxa6 Kh7 40. Qf6 g4 41. a4 g3 42. hxg3 h5 43. a5 h4 44. a6 hxg3 45. a7 gxf2+ 46. Kxf2 Kg8 47. a8=Q+ Kh7 48. Qah8# 1-0

[Event "Quebec op U1700"]
[Site "Montreal CAN"]
[Date "2012.07.23"]
[Round "4"]
[White "Blais, Georges"]
[Black "Spaulding, Derrick"]
[Result "1/2-1/2"]
[WhiteElo "1545"]
[BlackElo "1330"]
[PlyCount "83"]
[GameId "2160767909442269"]
[EventDate "2012.07.21"]
[EventType "swiss"]
[EventRounds "9"]
[EventCountry "CAN"]
[SourceTitle "EXT 2022"]
[Source "ChessBase"]
[SourceDate "2021.10.06"]
[SourceVersion "1"]
[SourceVersionDate "2021.10.06"]
[SourceQuality "1"]

1. d4 Nf6 2. Nf3 d5 3. e3 Bf5 4. c3 e6 5. Nbd2 c5 6. Nh4 Be4 7. Nxe4 Nxe4 8. Nf3 c4 9. Qc2 Bd6 10. Bxc4 O-O 11. Bd3 f5 12. O-O Nd7 13. c4 Rc8 14. c5 Ndf6 15. b4 Bb8 16. Nd2 Qc7 17. g3 Qf7 18. f4 Nxd2 19. Qxd2 Qg6 20. Qg2 Ne4 21. a4 Rf6 22. Bxe4 dxe4 23. Bb2 Rff8 24. Rac1 Rfd8 25. Rc4 Qe8 26. Ra1 Rd5 27. Qc2 a6 28. Qb3 Bc7 29. Rac1 Bd8 30. b5 Bf6 31. c6 bxc6 32. Rxc6 Rxc6 33. Rxc6 axb5 34. axb5 h5 35. Qc4 Kh7 36. b6 h4 37. Bc3 Qh5 38. Qf1 Qg4 39. Qf2 Rb5 40. Be1 Rb1 41. b7 Rxb7 42. Rc1 1/2-1/2

[Event "Quebec op U1700"]
[Site "Montreal CAN"]
[Date "2012.07.23"]
[Round "4"]
[White "Lemieux, Serge"]
[Black "Reynaud, Frederic"]
[Result "0-1"]
[WhiteElo "1533"]
[BlackElo "1466"]
[PlyCount "106"]
[GameId "2160767909442270"]
[EventDate "2012.07.21"]
[EventType "swiss"]
[EventRounds "9"]
[EventCountry "CAN"]
[SourceTitle "EXT 2022"]
[Source "ChessBase"]
[SourceDate "2021.10.06"]
[SourceVersion "1"]
[SourceVersionDate "2021.10.06"]
[SourceQuality "1"]

1. e4 e6 2. d4 d5 3. e5 c5 4. c3 Nc6 5. Bb5 Bd7 6. Ne2 Nxe5 7. Bxd7+ Nxd7 8. O-O Ngf6 9. Nd2 Rc8 10. Nf3 Be7 11. a4 O-O 12. a5 Re8 13. Bf4 cxd4 14. Nexd4 Bc5 15. Nb3 a6 16. Bg5 Bd6 17. Re1 Qc7 18. h3 e5 19. Rc1 b5 20. Rc2 e4 21. Nfd4 h6 22. Be3 Nc5 23. Nxc5 Bxc5 24. b4 Bxd4 25. Bxd4 Qd7 26. Rce2 Nh7 27. Re3 f5 28. f4 Rc6 29. Rg3 Nf6 30. Ree3 Qf7 31. Bxf6 Rxf6 32. Qd4 Rc6 33. Re1 Rc4 34. Qd2 Rec8 35. Rd1 Rd8 36. Qe3 Rd6 37. Rd4 Qa7 38. Qd2 Rxd4 39. cxd4 Rc6 40. Rc3 Rc4 41. Rxc4 bxc4 42. Kf2 Kf7 43. Ke3 Qd7 44. Qd1 g6 45. g3 Qb5 46. Qd2 Qa4 47. Qc3 Ke6 48. g4 Kd6 49. Ke2 Qb3 50. Kd2 Kc6 51. h4 fxg4 52. h5 Qxc3+ 53. Kxc3 g3 0-1

[Event "Quebec op U1700"]
[Site "Montreal CAN"]
[Date "2012.07.23"]
[Round "4"]
[White "Morel, Joseph"]
[Black "Plante, Marc-Eric"]
[Result "0-1"]
[WhiteElo "1688"]
[BlackElo "1668"]
[PlyCount "43"]
[GameId "2160767909442271"]
[EventDate "2012.07.21"]
[EventType "swiss"]
[EventRounds "9"]
[EventCountry "CAN"]
[SourceTitle "EXT 2022"]
[Source "ChessBase"]
[SourceDate "2021.10.06"]
[SourceVersion "1"]
[SourceVersionDate "2021.10.06"]
[SourceQuality "1"]

1. e4 e5 2. Nf3 Nf6 3. Nc3 Nc6 4. d4 exd4 5. Nxd4 Bb4 6. Nxc6 bxc6 7. Qf3 Qe7 8. Bd2 d5 9. O-O-O Bg4 10. Qg3 Bxd1 11. Kxd1 O-O 12. e5 Bxc3 13. Bxc3 Ne4 14. Qe3 Nxc3+ 15. Qxc3 Rab8 16. a3 f6 17. f4 fxe5 18. fxe5 Rfe8 19. Bd3 Qxe5 20. Qxc6 Rxb2 21. Rf1 Rb1+ 22. Kd2 0-1

[Event "Quebec op U1700"]
[Site "Montreal CAN"]
[Date "2012.07.24"]
[Round "5"]
[White "Chesnut, Walter"]
[Black "Reynaud, Frederic"]
[Result "0-1"]
[WhiteElo "1688"]
[BlackElo "1466"]
[PlyCount "68"]
[GameId "2160767909442272"]
[EventDate "2012.07.21"]
[EventType "swiss"]
[EventRounds "9"]
[EventCountry "CAN"]
[SourceTitle "EXT 2022"]
[Source "ChessBase"]
[SourceDate "2021.10.06"]
[SourceVersion "1"]
[SourceVersionDate "2021.10.06"]
[SourceQuality "1"]

1. e4 e5 2. Nf3 Nc6 3. Bb5 a6 4. Ba4 Nf6 5. Qe2 b5 6. Bb3 d6 7. c3 Bg4 8. h3 Be6 9. Bc2 Be7 10. O-O Qc8 11. Kh2 h6 12. d4 exd4 13. cxd4 Nb4 14. Bd1 Bc4 15. Qe1 Bxf1 16. Qxb4 Nxe4 17. Qe1 Bd3 18. Na3 Nf6 19. Qc3 Bf5 20. Nh4 Be6 21. Bf3 Rb8 22. Bc6+ Bd7 23. d5 b4 24. Bxd7+ Qxd7 25. Qb3 O-O 26. Nc2 Nxd5 27. Qxd5 Bxh4 28. g3 Bf6 29. Ne3 Rb5 30. Qd3 Rh5 31. g4 Qb5 32. Qd1 Re5 33. f4 Re4 34. Kg3 Bxb2 0-1

[Event "Quebec op U1700"]
[Site "Montreal CAN"]
[Date "2012.07.24"]
[Round "5"]
[White "Fiouzi, Chahin"]
[Black "Lemieux, Serge"]
[Result "0-1"]
[WhiteElo "1523"]
[BlackElo "1533"]
[PlyCount "64"]
[GameId "2160767909442273"]
[EventDate "2012.07.21"]
[EventType "swiss"]
[EventRounds "9"]
[EventCountry "CAN"]
[SourceTitle "EXT 2022"]
[Source "ChessBase"]
[SourceDate "2021.10.06"]
[SourceVersion "1"]
[SourceVersionDate "2021.10.06"]
[SourceQuality "1"]

1. b3 Nf6 2. Bb2 e6 3. g3 c5 4. Bg2 Nc6 5. e3 d5 6. Ne2 Bd6 7. d4 cxd4 8. Nxd4 a6 9. Nd2 Bd7 10. O-O O-O 11. Ne2 Re8 12. c4 dxc4 13. Nxc4 Bc7 14. Bxf6 gxf6 15. Nf4 f5 16. Nh3 f6 17. Qh5 Qe7 18. e4 Qf7 19. Qe2 fxe4 20. Bxe4 f5 21. Bf3 Nd4 22. Qd1 Nxf3+ 23. Qxf3 Bc6 24. Qc3 Qh5 25. Nf4 Bxf4 26. gxf4 Re7 27. f3 Rg7+ 28. Kf2 Qxh2+ 29. Ke3 Rg2 30. Rae1 Rf8 31. Ne5 Bb5 32. Rh1 Re2+ 0-1

[Event "Quebec op U1700"]
[Site "Montreal CAN"]
[Date "2012.07.24"]
[Round "5"]
[White "Plante, Marc-Eric"]
[Black "Saha, Ananda"]
[Result "1-0"]
[WhiteElo "1668"]
[BlackElo "1325"]
[PlyCount "63"]
[GameId "2160767909442274"]
[EventDate "2012.07.21"]
[EventType "swiss"]
[EventRounds "9"]
[EventCountry "CAN"]
[SourceTitle "EXT 2022"]
[Source "ChessBase"]
[SourceDate "2021.10.06"]
[SourceVersion "1"]
[SourceVersionDate "2021.10.06"]
[SourceQuality "1"]

1. e4 e5 2. Nf3 Nc6 3. Bb5 a6 4. Bxc6 dxc6 5. Nc3 Bd6 6. d4 Qe7 7. Bg5 Nf6 8. Qd2 h6 9. Bh4 Bg4 10. Nxe5 Bxe5 11. dxe5 Qxe5 12. Bg3 Qe7 13. f3 Be6 14. O-O-O O-O 15. Qf4 Rac8 16. Bf2 Nh5 17. Qe3 Qg5 18. g4 Qxe3+ 19. Bxe3 Nf6 20. g5 hxg5 21. Bxg5 Nd7 22. Rhg1 Kh7 23. f4 Nb6 24. f5 Bd7 25. Rd3 f6 26. Be3 Be8 27. Bc5 Rf7 28. Rh3+ Kg8 29. Rg4 Rd7 30. Rgh4 Rcd8 31. Rh8+ Kf7 32. Rf8# 1-0

[Event "Quebec op U1700"]
[Site "Montreal CAN"]
[Date "2012.07.25"]
[Round "6"]
[White "Bureau, Robert"]
[Black "Blais, Georges"]
[Result "1/2-1/2"]
[WhiteElo "1330"]
[BlackElo "1545"]
[PlyCount "74"]
[GameId "2160767909442275"]
[EventDate "2012.07.21"]
[EventType "swiss"]
[EventRounds "9"]
[EventCountry "CAN"]
[SourceTitle "EXT 2022"]
[Source "ChessBase"]
[SourceDate "2021.10.06"]
[SourceVersion "1"]
[SourceVersionDate "2021.10.06"]
[SourceQuality "1"]

1. e4 c5 2. Nf3 d6 3. d4 cxd4 4. Nxd4 Nf6 5. Nc3 g6 6. Bc4 Nc6 7. Bb3 Bg7 8. O-O O-O 9. Be3 Ng4 10. Nxc6 bxc6 11. Bf4 Ne5 12. h3 Ba6 13. Re1 Nc4 14. Qd3 d5 15. exd5 cxd5 16. Nxd5 e6 17. Nc7 Qxd3 18. cxd3 Nxb2 19. Re3 Nxd3 20. Rd1 Nxf4 21. Nxa6 Rfd8 22. g3 Rxd1+ 23. Bxd1 Rd8 24. Bb3 Nd5 25. Rd3 Bf6 26. Bxd5 Rxd5 27. Rxd5 exd5 28. Kf1 Bd8 29. Ke2 Bb6 30. f3 f5 31. Nb8 Kf7 32. Nd7 Ke7 33. Ne5 Ke6 34. Nd3 g5 35. g4 f4 36. Nb4 Kd6 37. Kd3 Ke5 1/2-1/2

[Event "Quebec op U1700"]
[Site "Montreal CAN"]
[Date "2012.07.25"]
[Round "6"]
[White "Cote, Claude"]
[Black "Kozlov, Guennadi"]
[Result "1/2-1/2"]
[WhiteElo "1598"]
[BlackElo "1665"]
[PlyCount "152"]
[GameId "2160767909442276"]
[EventDate "2012.07.21"]
[EventType "swiss"]
[EventRounds "9"]
[EventCountry "CAN"]
[SourceTitle "EXT 2022"]
[Source "ChessBase"]
[SourceDate "2021.10.06"]
[SourceVersion "1"]
[SourceVersionDate "2021.10.06"]
[SourceQuality "1"]

1. e4 e6 2. d3 d5 3. Nd2 Nf6 4. Qe2 dxe4 5. Nxe4 Nxe4 6. dxe4 Nc6 7. Nf3 Be7 8. g3 e5 9. c3 O-O 10. Bg2 Bg4 11. Be3 Bf6 12. h3 Be6 13. O-O Qc8 14. Kh2 h6 15. b3 Ne7 16. Rad1 Rd8 17. Rxd8+ Qxd8 18. Rd1 Qc8 19. Ne1 Ng6 20. Nd3 Nf8 21. Qf3 Nh7 22. Nc5 b6 23. Nxe6 Qxe6 24. h4 Qe7 25. Qg4 Rd8 26. Rxd8+ Qxd8 27. Bh3 Qd3 28. Qc8+ Bd8 29. Bd7 Nf8 30. Qxd8 Qxd7 31. Qxd7 Nxd7 32. Kg2 Nf6 33. f3 Nd7 34. Kf2 f6 35. Ke2 Kf7 36. Kd3 Ke6 37. Kc4 c6 38. a4 f5 39. Kd3 fxe4+ 40. Kxe4 Nf6+ 41. Kd3 Nd5 42. Bd2 Nf6 43. c4 Kf5 44. g4+ Ke6 45. g5 hxg5 46. hxg5 Nd7 47. b4 Kf5 48. Be3 c5 49. b5 g6 50. Bf2 Kf4 51. Ke2 Kxg5 52. Ke3 Kf5 53. Bg3 g5 54. Bh2 Nf8 55. Bg3 Ne6 56. Bh2 Ng7 57. Bg3 Ne8 58. Bh2 Nd6 59. Kd3 Ke6 60. Bg3 Nf5 61. Bh2 Nh4 62. Ke4 Ng2 63. Bxe5 Kd7 64. Bf6 Nf4 65. Bxg5 Ne6 66. Bh4 Nd4 67. f4 Ne2 68. Kf5 Nd4+ 69. Kg6 Ke6 70. Be1 Nf5 71. a5 Nd6 72. axb6 axb6 73. Bg3 Nf5 74. Be1 Nd6 75. Bg3 Nf5 76. Bf2 Nd6 1/2-1/2

[Event "Quebec op U1700"]
[Site "Montreal CAN"]
[Date "2012.07.25"]
[Round "6"]
[White "Guo, Richard"]
[Black "Samikov, Chingis"]
[Result "1/2-1/2"]
[WhiteElo "1470"]
[BlackElo "1427"]
[PlyCount "104"]
[GameId "2160767909442277"]
[EventDate "2012.07.21"]
[EventType "swiss"]
[EventRounds "9"]
[EventCountry "CAN"]
[SourceTitle "EXT 2022"]
[Source "ChessBase"]
[SourceDate "2021.10.06"]
[SourceVersion "1"]
[SourceVersionDate "2021.10.06"]
[SourceQuality "1"]

1. e4 e6 2. f4 d5 3. e5 c5 4. Nf3 Nc6 5. c3 Qb6 6. Na3 Bd7 7. Nc2 Nh6 8. d4 Be7 9. Rb1 Nf5 10. Ne3 Nxe3 11. Bxe3 a5 12. Bd3 cxd4 13. Nxd4 Bc5 14. Bc2 Nxd4 15. cxd4 Bb4+ 16. Kf2 Rc8 17. a3 Be7 18. Qd2 O-O 19. Rhc1 Rc7 20. Bd3 Rfc8 21. Rxc7 Rxc7 22. Bc2 Qa7 23. Rc1 b5 24. g4 b4 25. a4 Qb7 26. b3 Qc8 27. g5 g6 28. h4 Bf8 29. h5 Be8 30. hxg6 fxg6 31. Kf3 Rc3 32. Qh2 Qc7 33. Kg4 Kh8 34. Kf3 Kg8 35. Qf2 Kh8 36. Kg2 Kg8 37. Kf1 Bxa4 38. bxa4 b3 39. Bxb3 Rxc1+ 40. Bxc1 Qxc1+ 41. Kg2 Qc3 42. Bc2 Bb4 43. Bd1 Qe1 44. Qxe1 Bxe1 45. Kf3 Kg7 46. Be2 Kf7 47. Bb5 Ke7 48. Bc6 Bc3 49. Ke3 Bb2 50. Bb5 Bc1+ 51. Kf3 Bb2 52. Ke3 Bc1+ 1/2-1/2

[Event "Quebec op U1700"]
[Site "Montreal CAN"]
[Date "2012.07.25"]
[Round "6"]
[White "Lemieux, Serge"]
[Black "Plante, Marc-Eric"]
[Result "1-0"]
[WhiteElo "1533"]
[BlackElo "1668"]
[PlyCount "59"]
[GameId "2160767909442278"]
[EventDate "2012.07.21"]
[EventType "swiss"]
[EventRounds "9"]
[EventCountry "CAN"]
[SourceTitle "EXT 2022"]
[Source "ChessBase"]
[SourceDate "2021.10.06"]
[SourceVersion "1"]
[SourceVersionDate "2021.10.06"]
[SourceQuality "1"]

1. d4 Nf6 2. Bg5 Ne4 3. Bf4 c5 4. f3 Qa5+ 5. c3 Nf6 6. d5 d6 7. e4 Qb6 8. Qc1 g6 9. Nd2 Bg7 10. Nc4 Qc7 11. a4 O-O 12. Bh6 Nbd7 13. Ne2 Nb6 14. Ng3 e6 15. h4 exd5 16. Bxg7 Kxg7 17. h5 Nxc4 18. Bxc4 dxc4 19. hxg6 fxg6 20. Qh6+ Kg8 21. O-O-O d5 22. Qg5 dxe4 23. Rh6 Be6 24. Rdh1 Qf7 25. fxe4 Rad8 26. e5 Ng4 27. Rxh7 Qf4+ 28. Qxf4 Rxf4 29. Rh8+ Kg7 30. R1h7# 1-0

[Event "Quebec op U1700"]
[Site "Montreal CAN"]
[Date "2012.07.25"]
[Round "6"]
[White "Reynaud, Frederic"]
[Black "Bedard, Michel"]
[Result "0-1"]
[WhiteElo "1466"]
[BlackElo "1611"]
[PlyCount "74"]
[GameId "2160767909442279"]
[EventDate "2012.07.21"]
[EventType "swiss"]
[EventRounds "9"]
[EventCountry "CAN"]
[SourceTitle "EXT 2022"]
[Source "ChessBase"]
[SourceDate "2021.10.06"]
[SourceVersion "1"]
[SourceVersionDate "2021.10.06"]
[SourceQuality "1"]

1. e4 e5 2. Nf3 Nf6 3. Nxe5 d6 4. Nf3 Nxe4 5. d4 d5 6. Bd3 Be7 7. O-O O-O 8. c4 c6 9. Nc3 Bf5 10. Re1 Nxc3 11. bxc3 Bxd3 12. Qxd3 dxc4 13. Qxc4 Nd7 14. Rb1 Nb6 15. Qe2 Bd6 16. c4 Bc7 17. c5 Nd5 18. Rxb7 Qc8 19. Rb3 Bf4 20. Bxf4 Nxf4 21. Qe4 Nd5 22. Ng5 Nf6 23. Qb1 Qd7 24. Rh3 h6 25. Ne4 Qxd4 26. Rd3 Qe5 27. Nxf6+ Qxf6 28. Rd6 Qg5 29. Rxc6 Rfc8 30. Rxc8+ Rxc8 31. c6 g6 32. Qb7 Qd8 33. Qd7 Kf8 34. Qxa7 Rxc6 35. Qa3+ Kg8 36. Qb2 Re6 37. Rxe6 Qd1+ 0-1

[Event "Quebec op U1700"]
[Site "Montreal CAN"]
[Date "2012.07.25"]
[Round "6"]
[White "Saha, Ananda"]
[Black "Fiouzi, Chahin"]
[Result "1/2-1/2"]
[WhiteElo "1325"]
[BlackElo "1523"]
[PlyCount "140"]
[GameId "2160767909442280"]
[EventDate "2012.07.21"]
[EventType "swiss"]
[EventRounds "9"]
[EventCountry "CAN"]
[SourceTitle "EXT 2022"]
[Source "ChessBase"]
[SourceDate "2021.10.06"]
[SourceVersion "1"]
[SourceVersionDate "2021.10.06"]
[SourceQuality "1"]

1. d4 e6 2. c4 b6 3. Nc3 Bb7 4. e4 Bb4 5. Qc2 Nc6 6. Nf3 h6 7. a3 Bxc3+ 8. Qxc3 Nce7 9. d5 Nf6 10. Bd3 exd5 11. cxd5 d6 12. Bb5+ Kf8 13. Bd3 c6 14. dxc6 Bxc6 15. Qd4 Qd7 16. Bf4 Rd8 17. h3 d5 18. e5 Ne4 19. Rd1 Nf5 20. Qb4+ Nc5 21. Bxf5 Qxf5 22. Be3 Qe4 23. Qxe4 Nxe4 24. Nd4 Bb7 25. O-O g6 26. Rc1 Nc5 27. Rc3 Na4 28. Rc7 Ba6 29. Rfc1 Nxb2 30. Rxa7 Bc4 31. e6 Re8 32. Rxf7+ Kg8 33. Rb7 b5 34. Nxb5 Nd3 35. Rb1 Rxe6 36. Rb8+ Kh7 37. Rb7+ Kg8 38. Nd4 Re8 39. R1b6 Ne5 40. Ne6 Rh7 41. Rxh7 Kxh7 42. Rb7+ Kg8 43. Ng7 Ra8 44. Bc5 Rc8 45. Bd4 Nf7 46. f4 Bd3 47. Ne6 Be4 48. Nc5 Bc2 49. Rd7 Rd8 50. Rxd8+ Nxd8 51. Kf2 Nc6 52. Ke3 Na5 53. Kd2 Bb1 54. Kc3 Ba2 55. Kb2 Bc4 56. Nd7 Bf1 57. Nf6+ Kf7 58. g3 Nc6 59. Be5 Ke6 60. Ng4 h5 61. Ne3 Bxh3 62. Bh8 Kd6 63. Kc3 Kc5 64. Nc2 Bf5 65. Nd4 Ne7 66. Bf6 Nc8 67. Nb3+ Kb5 68. Nd4+ Kc5 69. Nb3+ Kd6 70. Be5+ Kc6 1/2-1/2

[Event "Quebec op U1700"]
[Site "Montreal CAN"]
[Date "2012.07.26"]
[Round "7"]
[White "Bedard, Michel"]
[Black "Saine, Zachary"]
[Result "1/2-1/2"]
[WhiteElo "1611"]
[BlackElo "1408"]
[PlyCount "90"]
[GameId "2160767909442281"]
[EventDate "2012.07.21"]
[EventType "swiss"]
[EventRounds "9"]
[EventCountry "CAN"]
[SourceTitle "EXT 2022"]
[Source "ChessBase"]
[SourceDate "2021.10.06"]
[SourceVersion "1"]
[SourceVersionDate "2021.10.06"]
[SourceQuality "1"]

1. d4 d5 2. c4 e6 3. Nf3 c6 4. cxd5 exd5 5. Nc3 Be7 6. Qc2 Bg4 7. Ne5 Bh5 8. Qf5 Nf6 9. Bg5 Nbd7 10. Nxd7 Qxd7 11. Qe5 Bg6 12. Bxf6 gxf6 13. Qe3 O-O-O 14. Qd2 Rhg8 15. e3 Rde8 16. a3 f5 17. g3 f4 18. gxf4 Qg4 19. Ne2 Qf3 20. Ng3 Bh4 21. Rg1 Qxf4 22. Be2 Qd6 23. Rc1 Bd8 24. b4 Re7 25. b5 Rc7 26. bxc6 Rxc6 27. Rxc6+ bxc6 28. Ba6+ Kd7 29. Qc1 Ba5+ 30. Ke2 Rb8 31. Bd3 Bxd3+ 32. Kxd3 Rb3+ 33. Ke2 Rxa3 34. Qb2 Qb4 35. Qc2 Qc3 36. Qf5+ Kc7 37. Qe5+ Kb6 38. Qb8+ Ka6 39. Qc8+ Kb5 40. Rb1+ Ka4 41. Kf3 Rb3 42. Ne2 Qc2 43. Rc1 Qe4+ 44. Kg3 Qg6+ 45. Kf4 Qf6+ 1/2-1/2

[Event "Quebec op U1700"]
[Site "Montreal CAN"]
[Date "2012.07.26"]
[Round "7"]
[White "Blais, Georges"]
[Black "Achkar, Olivier"]
[Result "1-0"]
[WhiteElo "1545"]
[BlackElo "1217"]
[PlyCount "75"]
[GameId "2160767909442282"]
[EventDate "2012.07.21"]
[EventType "swiss"]
[EventRounds "9"]
[EventCountry "CAN"]
[SourceTitle "EXT 2022"]
[Source "ChessBase"]
[SourceDate "2021.10.06"]
[SourceVersion "1"]
[SourceVersionDate "2021.10.06"]
[SourceQuality "1"]

1. d4 Nf6 2. Nf3 d6 3. e3 g6 4. c3 Bg7 5. Nbd2 O-O 6. Bd3 Nc6 7. e4 Bg4 8. h3 Bxf3 9. Nxf3 Nd7 10. Bg5 h6 11. Bh4 a6 12. O-O g5 13. Bg3 e5 14. d5 Ne7 15. h4 g4 16. Nh2 h5 17. f3 f5 18. exf5 Nxf5 19. Bxf5 Rxf5 20. fxg4 Rxf1+ 21. Qxf1 hxg4 22. Nxg4 Qe7 23. Qe2 b5 24. Rf1 Nb6 25. Ne3 e4 26. Nf5 Qd7 27. Nxg7 Qxg7 28. Bf2 Re8 29. Qh5 Re5 30. Qe2 e3 31. Bxe3 Qe7 32. Qg4+ Kh7 33. Bd4 Rxd5 34. Rf5 Rxf5 35. Qxf5+ Kh6 36. Bf6 Qe1+ 37. Kh2 Qe8 38. Qg5+ 1-0